Biblioteca

Unamuno, William James y Kierkegaard y otros ensayos / Luis Farré (Registro nro. 40752)

Detalles MARC
000 -LÍDER
Campo fijo de descripción fija 004270000a22001450004500
041 0# - CÓDIGO DE IDIOMA
Código de idioma para texto/pista de sonido o título separado
082 04 - NÚMERO DE CLASIFICACIÓN DECIMAL DEWEY
Número de clasificación G 921 F2451u
001 - NÚMERO DE CONTROL
Campo de control 11454
100 1# - ASIENTO PRINCIPAL--NOMBRE PERSONAL
Nombre personal Farré, Luis
245 10 - TÍTULO
Título del Material Unamuno, William James y Kierkegaard y otros ensayos / Luis Farré
260 ## - PUBLICACIÓN, DISTRIBUCIÓN, ETC. (PIE DE IMPRENTA)
Lugar de publicación, distribución, etc. Buenos Aires, Argentina : La Aurora
300 ## - DESCRIPCIÓN FÍSICA
Extensión 270 Pag
650 14 - ASIENTO SECUNDARIO DE MATERIA - TERMINO TEMÁTICO
Término temático o nombre geográfico como elemento de entrada Rreligión - Ensayo \ Ensayo Argentino \ Influencia (literaria, artística, etc.)
942 ## - TIPO DE MATERIAL (KOHA)
Tipo de Item KOHA Libros General
Existencias
Estado de Material Estado de Perdido Estado de Dañado No para Préstamo Colección Tomo Biblioteca de Origen Biblioteca Permanente Fecha de Adquisición Total de Préstamos Signatura Topográfica Código de Barras Última vez visto Ejemplar/Existencia Fecha de Remplazo Tipo de Material
        Colección General   Biblioteca FUSBC Biblioteca FUSBC 27/01/2005   G 921 F2451u 10698 12/12/2019 1 26/01/2016 Libros General

Biblioteca FUSBC | Teléfono: (57+4) 349 88 10 Ext. 141| WhatsApp (+57) 3005338115 
E-mail: biblioteca@unisbc.edu.co | Calle 76 87-14 Robledo Palenque, Medellín, Colombia

Con tecnología Koha